Statistics for American TV Shows by Cast Quiz #2

Click here to take the quiz!

General Stats

  • This quiz has been taken 52,564 times
    (21,830 since last reset)
  • The average score is 11 of 22

Answer Stats

Cast TV Show % Correct
Cowell, Abdul, JacksonAmerican Idol
83%
Hasselhoff, Anderson, Bleeth, ElectraBaywatch
77%
Shatner, Nimoy, TakeiStar Trek
74%
Parker, Cattrall, Davis, NixonSex and the City
72%
Danson, Alley, HarrelsonCheers
70%
Saget, Stamos, CoulierFull House
68%
Gandolfini, Falco, Sigler, ImperioliThe Sopranos
65%
Muniz, Cranston, KaczmarekMalcolm in the Middle
59%
Segel, Harris, Hannigan, SagetHow I Met Your
Mother
56%
Flockhart, Liu, de RossiAlly McBeal
52%
DeVito, Danza, KaufmanTaxi
51%
Castellaneta, Cartwright, AzariaThe Simpsons
48%
Spacey, Wright, MaraHouse of Cards
46%
Hamm, Hendricks, Moss, BrieMad Men
46%
Ritter, Somers, KnottsThree's Company
45%
James, Remini, StillerThe King of Queens
45%
Savage, Ribisi, Stein, McKellarThe Wonder Years
37%
Wayans, Wayans, Carrey, FoxxIn Living Color
33%
Carey, Brady, Stiles, MochrieWhose Line is it
Anyway?
31%
Parker, Stone, HayesSouth Park
30%
Rogen, Segel, FrancoFreaks and Geeks
28%
Wallace, Safer, Rooney, Stahl60 Minutes
28%

Score Distribution

Percentile by Number Answered

Percent of People with Each Score

Your Score History

You have not taken this quiz since the last reset